Saving Nelson Mandela : (Record no. 128349)
[ view plain ]
| 000 -LEADER | |
|---|---|
| fixed length control field | 01515cam a2200313 a 4500 |
| 008 - FIXED-LENGTH DATA ELEMENTS--GENERAL INFORMATION | |
| fixed length control field | |
| 020 ## - INTERNATIONAL STANDARD BOOK NUMBER | |
| International Standard Book Number | 9780199740222 (hbk.) |
| 049 ## - LOCAL HOLDINGS (OCLC) | |
| Holding library | MAIN |
| 090 ## - LOCALLY ASSIGNED LC-TYPE CALL NUMBER (OCLC); LOCAL CALL NUMBER (RLIN) | |
| Classification number (OCLC) (R) ; Classification number, CALL (RLIN) (NR) | KTL42.R58 |
| Local cutter number (OCLC) ; Book number/undivided call number, CALL (RLIN) | BRO |
| 003 - CONTROL NUMBER IDENTIFIER | |
| control field | |
| 005 - DATE AND TIME OF LATEST TRANSACTION | |
| control field | 20230123122130.0 |
| 040 ## - CATALOGING SOURCE | |
| Transcribing agency | NUST |
| 100 1# - MAIN ENTRY--PERSONAL NAME | |
| Personal name | Broun, Kenneth S. |
| 245 10 - TITLE STATEMENT | |
| Title | Saving Nelson Mandela : |
| Remainder of title | the Rivonia trial and the fate of South Africa / |
| Statement of responsibility, etc. | Kenneth S. Broun. |
| 260 ## - PUBLICATION, DISTRIBUTION, ETC. | |
| Place of publication, distribution, etc. | Oxford ; |
| -- | New York : |
| Name of publisher, distributor, etc. | Oxford University Press, |
| Date of publication, distribution, etc. | c2012. |
| 300 ## - PHYSICAL DESCRIPTION | |
| Extent | xix, 210, [8] p. of plates : |
| Other physical details | ill. ; |
| Dimensions | 25 cm. |
| 490 1# - SERIES STATEMENT | |
| Series statement | Pivotal moments in world history. |
| 504 ## - BIBLIOGRAPHY, ETC. NOTE | |
| Bibliography, etc. note | Includes bibliographical references. |
| 500 ## - GENERAL NOTE | |
| General note | Includes index. |
| 505 0# - FORMATTED CONTENTS NOTE | |
| Formatted contents note | Arrests and escapes -- The lawyers and the judge -- Reaction -- Preparing for trial -- The trial begins -- A pyrrhic victory -- The case for the prosecution -- Mandela at the dock -- Others make their case -- Closing arguments -- Outside pressures -- Judgment and sentencing -- Reaction -- Thinking about the judgment and sentence -- After Rivonia. |
| 520 ## - SUMMARY, ETC. | |
| Summary, etc. | Discusses the trials of Nelson Mandela and the politics of South Africa. |
| 650 #0 - SUBJECT ADDED ENTRY--TOPICAL TERM | |
| Topical term or geographic name entry element | Rivonia Trial, Pretoria, South Africa, 1964. |
| 600 10 - SUBJECT ADDED ENTRY--PERSONAL NAME | |
| Personal name | Mandela, Nelson, |
| Dates associated with a name | 1918-2013 |
| General subdivision | Trials, litigation, etc. |
| 650 #0 - SUBJECT ADDED ENTRY--TOPICAL TERM | |
| Topical term or geographic name entry element | Trials (Political crimes and offenses) |
| Geographic subdivision | South Africa. |
| 651 #0 - SUBJECT ADDED ENTRY--GEOGRAPHIC NAME | |
| Geographic name | South Africa |
| General subdivision | History |
| Chronological subdivision | 1961-1994. |
| 830 #0 - SERIES ADDED ENTRY--UNIFORM TITLE | |
| Uniform title | Pivotal moments in world history. |
| 907 ## - LOCAL DATA ELEMENT G, LDG (RLIN) | |
| a | .b10352855 |
| b | 03-12-14 |
| c | 03-12-14 |
| 942 ## - ADDED ENTRY ELEMENTS (KOHA) | |
| Koha item type | Ordinary Loan Books |
| Call number prefix | KTL42.R58 |
| Call number suffix | BRO |
| Date last seen | Total Checkouts | Full call number | Barcode | Cost, replacement price | Price effective from | Koha item type | Lost status | Source of classification or shelving scheme | Damaged status | Not for loan | Collection | Withdrawn status | Home library | Current library | Shelving location | Date acquired | Cost, normal purchase price |
|---|---|---|---|---|---|---|---|---|---|---|---|---|---|---|---|---|---|
| 01/23/2023 | 1 | KTL42.R58 BRO | 92004039961 | 80.00 | 01/23/2023 | BOOKS | LCC | NFIC | MAIN | MAIN | GEN | 01/23/2023 | 80.00 |